Scaling (Record no. 532756)

MARC details
000 -LEADER
fixed length control field 00833nam a2200265Ia 4500
003 - CONTROL NUMBER IDENTIFIER
control field OSt
005 - DATE AND TIME OF LATEST TRANSACTION
control field 20220925195400.0
008 - FIXED-LENGTH DATA ELEMENTS--GENERAL INFORMATION
fixed length control field 220923b |||||||| |||| 00| 0 eng d
020 ## - INTERNATIONAL STANDARD BOOK NUMBER
International Standard Book Number 0202302261
037 ## - SOURCE OF ACQUISITION
Terms of availability General Book
040 ## - CATALOGING SOURCE
Original cataloging agency RTL
Transcribing agency RTL
Language of cataloging eng
041 ## - LANGUAGE CODE
Source of code eng
Language code of text/sound track or separate title eng
100 ## - MAIN ENTRY--PERSONAL NAME
Personal name Maranell Gary M Ed.
9 (RLIN) 254389
245 #0 - TITLE STATEMENT
Title Scaling
Remainder of title A sourcebook for behavioural scientists
260 ## - PUBLICATION, DISTRIBUTION, ETC.
Place of publication, distribution, etc. Chicago
Name of publisher, distributor, etc. Aldine
Date of publication, distribution, etc. 1974
300 ## - PHYSICAL DESCRIPTION
Extent xix,436p.
Dimensions cm.
490 ## - SERIES STATEMENT
Series statement Methodological Perspectives: A Series. Ed by Richards J Hill
500 ## - GENERAL NOTE
General note Bibliography chapterwise and P 407-17; Appendix P 419-27
650 ## - SUBJECT ADDED ENTRY--TOPICAL TERM
Topical term or geographic name entry element Scaling Theory
9 (RLIN) 238831
942 ## - ADDED ENTRY ELEMENTS (KOHA)
Classification part B28180bE, L4
Koha item type General Books
Source of classification or shelving scheme Colon Classification (CC)

No items available.

Copyright @ Delhi University Library System